Золотые и платиновые монеты Российской империи. 1701-1911; Коллекция всех известных видов монет

Bibliographic Details
Main Author: Северин Г. М.
Language:Russian
Published: Москва, Профиздат, 2000
Subjects:
Format: Book
KOHA link:https://koha.lib.tpu.ru/cgi-bin/koha/opac-detail.pl?biblionumber=39643

MARC

LEADER 00000nam0a2200000 4500
001 39643
005 20231101210554.0
010 |a 5255013560 
035 |a (RuTPU)RU\TPU\book\40516 
090 |a 39643 
100 |a 20020410d2000 k y0rusy50 ca 
101 0 |a rus 
102 |a RU 
105 |a a z 001zy 
200 1 |a Золотые и платиновые монеты Российской империи. 1701-1911  |a Коллекция всех известных видов монет  |f Г. М. Северин 
210 |a Москва  |c Профиздат  |d 2000 
215 |a 95 с.  |c ил. 
320 |a Библиогр.: с. 94-95 
606 1 |a Нумизматика  |x (исторические науки)  |2 stltpush  |3 (RuTPU)RU\TPU\subj\52457  |9 70889 
610 1 |a история 
610 1 |a Россия 
610 1 |a монеты 
610 1 |a каталоги 
610 1 |a чеканка 
610 1 |a золотые монеты 
610 1 |a платиновые монеты 
610 1 |a 18 век 
610 1 |a 19 век 
610 1 |a 20 век 
686 |a Т221  |v LBC/SL-A  |2 rubbk 
700 1 |a Северин  |b Г. М. 
801 1 |a RU  |b 63413507  |c 20020410  |g PSBO 
801 2 |a RU  |b 63413507  |c 20230206  |g PSBO 
942 |c BK